000 00387nam a2200169Ia 4500
008 230917s9999||||xx |||||||||||||| ||und||
020 _cRS35.5
040 _e1248
_aMAIN
041 _aEnglish
082 _a595.7 M314G
100 _aMani, M S
245 0 _aGeneral entomology
250 _a3rd ed.
260 _aNew Delhi
_bOxford & IBH
_c1982
300 _axi, 912 p.
942 _cBK
999 _c38443
_d38443